| 000 | 00784nam 22002653 4500 | ||
|---|---|---|---|
| 001 | 200186 | ||
| 010 | _a972-8541-26-0 | ||
| 021 |
_aPT _b168800/2001 |
||
| 090 | _a200186 | ||
| 100 | _a20260126d u||y0pory50 ba | ||
| 200 |
_aQuando os elefantes choram _ea vida emocional dos animais _fJeffrey Masson, Susan McCarthy _gtradução Paula Cortes |
||
| 205 | _a1ª | ||
| 210 |
_aCascais _cSinais de Fogo _d2001 |
||
| 215 |
_a380, [3] p. _cbrochado _d21 cm |
||
| 225 |
_aOutro olhar _v16 |
||
| 606 |
_974 _aZoologia |
||
| 675 |
_a59 _vPT _zpor |
||
| 675 |
_a591.5 _vPT _zpor |
||
| 675 |
_a159.92 _vPT _zpor |
||
| 700 |
_916014 _aMasson _bJeffrey _f1941- |
||
| 701 |
_916015 _aMcCarthy _bSusan _f1955- |
||
| 702 |
_916016 _aCortes _bPaula |
||
| 801 |
_aPT _bBMMN _gRPC |
||
| 830 |
_cAna _fAna |
||
| 990 | _cLIVROS | ||